“Jingle Bells” Lyrics - Statistics

General Stats
  • This quiz has been taken 235 times
  • The average score is 40 of 75
Answer Stats
Lyric % Correct
Bells
98%
{bells},
98%
Jingle
98%
jingle
98%
a
96%
A
96%
the
94%
The
94%
I
93%
{way}!
92%
{way}.
92%
all
91%
is
90%
it
89%
to
89%
on
88%
What
88%
fun
87%
{Oh}!
87%
open
87%
{sleigh}!
87%
ride
86%
In
83%
snow
78%
through
73%
Dashing
72%
we
68%
He
67%
{go},
65%
one-horse
65%
and
64%
And
64%
{Hey}!
64%
Laughing
64%
horse
62%
{ring},
62%
Making
61%
spirits
61%
sing
60%
{tonight}!
59%
Bright
57%
{bright}.
57%
bob
56%
song
56%
sleighing
54%
tail
54%
fields
48%
O’er
42%
day
24%
or
24%
two
23%
{ago},
20%
thought
17%
by
16%
I’d
16%
my
15%
take
15%
then
15%
was
15%
{side}.
12%
soon
10%
got
9%
his
9%
lean
9%
Miss
9%
seated
9%
Fanny
8%
into
8%
{lank}.
8%
bank
7%
drifted
6%
{lot}.
6%
Misfortune
6%
{upsot}!
6%
seemed
5%
No matching quizzes found
Score Distribution
Percent of People with Each Score
Percentile by Number Answered
Your Score History
You have not taken this quiz